000 00543cam a22001934a 4500
005 20250605164259.0
008 250528s ||||||||||||||||||||||||d
035 _a22002
020 _a9789605694944
040 _aGR-AtMCL
_bgre
_dGR-AtMCL
_eAACR2
245 1 _aΔΙΟΙΚΗΣΗ ΕΠΙΧΕΙΡΗΣΕΩΝ ΕΣΤΙΑΣΗΣ ΚΑΙ ΨΥΧΑΓΩΓΙΑΣ
250 _a1
260 _bΠαπαδόπουλος,
_c2015
300 _a310
700 1 _aΡιζος Αλεξανδρος
_97875
942 _cBK
999 _c7058
_d7058